The open sea: its natural history

保存先:
書誌詳細
第一著者: Hardy, Alister Clavering (著者)
フォーマット: 図書
言語:英語
出版事項: Boston Houghton Mifflin 1965
主題:
タグ: タグ追加
タグなし, このレコードへの初めてのタグを付けませんか!

MARC

LEADER 00000nam a2200000 a 4500
001 UCV5037
003 CL-VaPUC
008 920401e19650000US |||||||||||||||||eng|d
082 0 4 |a 577.7  |b HAR  |2 21 
100 |a Hardy, Alister Clavering  |e author  |9 331533 
245 1 4 |a The open sea: its natural history 
300 |a v 
942 |c BK 
945 |d 19920401 00:00:00 
260 |a Boston  |b Houghton Mifflin  |c 1965 
500 |a v.1: The word of plankton 
650 0 |a Ecología marina   |9 259946 
650 0 |a Biología marina  |9 259965 
650 0 |a Fauna marina  |9 261231 
650 7 |a FLORA MARINA  |2 CL-VaPUC  |9 299279 
583 |a last modification  |c 19920401 00:00:00  |k Rodrigo Vera 
999 |c 211640  |d 211638